| 000 | 00708cam a2200253 4500 | ||
|---|---|---|---|
| 008 | 090401t1991 xxu||||| |||| 00| 0 eng d | ||
| 020 | _a0729210162 | ||
| 035 | _a(Sirsi) u17958 | ||
| 041 | _aeng | ||
| 050 | _a692.8 | ||
| 110 |
_aConstruction Industry Sector Group _91655 |
||
| 245 | _aPartnering: contracting without conflict. | ||
| 260 |
_aLondon _bNEDO _c1991 |
||
| 300 | _aiv,118p. ; 30cm. | ||
| 350 | _a60 | ||
| 650 | _aBUILT ENVIRONMENT-BUILDING CONTRACT FORMS | ||
| 650 | _aPARTNERING | ||
| 650 | _aQUALITY ASSURANCE | ||
| 650 | _aTOTAL QUALITY MANAGEMENT | ||
| 690 | _aBUILT ENVIRONMENT | ||
| 710 |
_aNational Economic Development Council _9683 |
||
| 942 | _n0 | ||
| 948 | _c04/03/1997 | ||
| 999 |
_c87560 _d87560 |
||